000 00606nam a2200205Ia 4500
005 20260429111957.0
008 260429s9999||||xx |||||||||||||| ||und||
020 _a9783110781489
041 _aEnglish
082 _a668.9
_bRAT
100 _aRatna, Debdatta
245 0 _aPolymer matrix composite materials :
_bstructural and functional applications /
_cDebdatta Ratna
260 _aGermany :
_bDe Gruyter,
_c2024.
300 _axi, 422 p.; pbk
650 _a Composite materials
650 _a Polymers
650 _aChemical engineering
700 _a Chakraborty, Bikash Chandra
942 _cTB
999 _c51709
_d51709